Представление документа в формате RUSMARC

ПолеНазваниеЗначение
  Тип записи a
  Библиографический уровень a
001 Контрольный номер RU/УОНБ/EK_Kray/335707356
005 Дата корректировки 20230215122703.5
100 Данные общей обработки __
a Данные общей обработки 20100821d2010 ||| 0rusy0189 ca
101 Язык документа 0_
a Язык текста rus
102 Страна публикации __
a Страна публикации RU
105 Кодированные данные (монография) __
a Кодированные данные (монография) y###||||000|y
200 Заглавие и сведения об ответственности 1_
a Заглавие Ульяновские библиотекари взяли шефство над колонией
f Первые сведения об ответственности Л. Дягилева
225 Серия 1_
a Серия Как у них
330 Аннотация __
a Аннотация Центральная городская библиотека имени И. А. Гончарова г. Ульяновска шефствует над Димитровградской воспитательной колонией для несовершеннолетних.
461 Уровень набора _0
1 2000
a Новая библиотека
1 011
463 Уровень физической единицы _0
1 001RU/УОНБ/EK_Kray/335703436
1 2000
a № 13
v С. 32-33
1 210
d 2010
601 Наименование организации как предмет 02
a Наименование организации как предмет Центральная городская библиотека имени И. А. Гончарова
601 Наименование организации как предмет 02
a Наименование организации как предмет Димитровградская воспитательная колония для несовершеннолетних
607 Географические рубрики __
a Географическое наименование Димитровград, город
610 Ключевые слова 0_
a Ключевые слова воспитательная колония; работа с осужденными
686 Индексы других классификаций __
a Классификационный индекс 78.340.671.33
a Классификационный индекс 67.68
2 Код системы rubbk
700 Автор _1
a Фамилия Дягилева
b Имя (инициалы) Л.
4 Код отношения 070
801 Источник записи _0
a Страна RU
b Организация Ульяновская ОНБ
c Дата составления 20100821
g Правила каталогизации RCR
801 Источник записи _1
a Страна RU
b Организация IS
c Дата составления 20100821
g Правила каталогизации RCR
901 Тип документа __
t Тип документа b
w Контрольный № источника RU/УОНБ/EK_Kray/335703436
938 Служебная информация __
a Имя БД kraeved_work
b Имя библиотеки УОНБ
c Имя АИБС МАРК-SQL
d Номер DOC_ID в БД 70742